000 00258nam a2200109Ia 4500
008 200302s9999 xx 000 0 und d
100 _aLe Corbusier
245 _aThe City of Tomorrow
260 _bThe Architectural Press
260 _c1987
300 _a301 P.,
999 _c5431
_d5431